000 00583nam a2200169Ia 4500
008 110201s9999 xx 000 0 und d
082 _bB8236
_aK 2411
100 _aहरकारे अरूण
245 _aकथा खऱ्या प्रेमाची
260 _bसुविधा प्रकाशन
365 _b150
600 _aहरकारे अरूण
630 _aकथा खऱ्या प्रेमाची
700 _aहरकारे अरूण
730 _aकथा खऱ्या प्रेमाची
942 _cBOOK
999 _c833726
_d833723